Statistiques concernant Champions et vice-champions du monde de football

Cliquez ici pour prendre le quiz!

Statistiques générales

  • Ce quiz a été pris 362 fois
  • Le résultat moyen est 37 sur 40

Statistiques - réponses

AnnéeChampion et vice-champion% Correct
2006Italie
99%
1938Italie
99%
1994Italie
99%
1970Italie
99%
1982Italie
99%
1934Italie
99%
2002Allemagne
98%
2014Allemagne
98%
1954Allemagne de l'Ouest
98%
1986Allemagne de l'Ouest
98%
1982Allemagne de l'Ouest
98%
1974Allemagne de l'Ouest
98%
1966Allemagne de l'Ouest
98%
2014Argentine
98%
1990Argentine
98%
1930Argentine
98%
1978Argentine
98%
1986Argentine
98%
1998Brésil
98%
1958Brésil
98%
1962Brésil
98%
1970Brésil
98%
2002Brésil
98%
1950Brésil
98%
1994Brésil
98%
2010Espagne
98%
2006France
98%
1998France
98%
1950Uruguay
98%
1930Uruguay
98%
1990Allemagne de l'Ouest
96%
1978Pays-Bas
93%
1974Pays-Bas
93%
2010Pays-Bas
93%
1966Angleterre
92%
1958Suède
66%
1954Hongrie
62%
1938Hongrie
62%
1962Tchécoslovaquie
54%
1934Tchécoslovaquie
54%

Distribution des résultats

Percentile par nombre de réponses

% des personnes avec chaque résultat

Votre développement - résultats

Vous n’avez pas pris ce quiz